000
00271nam a22001217a 4500
041
_a
ENG
100
_a
Choe.V
245
_a
Handbook of Applied Hydrology
260
_a
New York
_b
McGarw-Hill Book
_c
1964
300
_a
13-1
650
_a
SWCE ( 06 )
856
_u
SWCE ( 06 )
999
_c
2949
_d
2949